Odbytová stratégia

Bibliographic Details
Main Author: Majtán, Štefan, 1950- (Author)
Format: Book
Language:Slovak
PhysicalDescription:342 s. sch., tab. 21 cm
Published: Bratislava Ekonóm 1999
ISBN:8022510823
Subjects:

MARC

LEADER 00000nam a2200000 a 4500
001 vtls001365685
003 SK-MaSNL
005 20260301142051.0
008 240509s1999 xo ap r yy 0 slo
015 |a SNBA1999/08-03044 
020 |a 8022510823  |c 137,00 Sk 
035 |a SNK000319340 
035 |a urn:nbn:sk:snk-amkjlo 
035 |a urn:nbn:sk:snk-am008fao 
035 |a 5C63CE4E-10E4-4FCE-9D79-9A9C7ED03872 
040 |a SNK  |b slo  |c SNK  |e AACR2 
041 0 |a slo 
044 |a xo  |c SK 
080 |a 658.8(075.8)  |2 1981 
100 1 |a Majtán, Štefan,  |d 1950-  |4 aut  |9 201904 
245 1 0 |a Odbytová stratégia  |c Štefan Majtán a kolektív 
260 |a Bratislava  |b Ekonóm  |c 1999 
300 |a 342 s.  |b sch., tab.  |c 21 cm 
500 |a 1000 výt. 
504 |a Bibliogr. s. 341-342 
650 0 7 |a odbyt  |x stratégia  |2 SNK  |9 497094 
655 7 |a Textbooks (higher)  |2 SNKPHeng  |9 276436 
655 7 |a učebnice vysokých škôl  |2 SNKPH  |9 70191 
655 7 |a učebnice  |2 SNK  |9 22521 
919 |a 80-225-1082-3 
958 |a TL 
958 |a NB 
958 |a UV 
999 |c 769033  |d 770963 
952 |t P60, <03>, [BOOK], {603}  |a SNK  |b SNK  |y PREZ  |7 0  |p 17A0197243  |o snkSC 98934  |i snkKSP 6634/99  |0 0  |1 0  |4 0  |d 1999-06-15  |f 1  |l 0  |r 2025-09-18 00:00:00  |w 2026-02-24 
952 |t P60, <04>, [BOOK], {604}  |a SNK  |b SNK  |y VYP  |7 0  |p 17A0306050  |o snkSC 98934 D1  |i snkKSP 6635/99  |0 0  |1 0  |4 0  |d 1999-06-15  |l 0  |r 2005-01-02 00:00:00  |w 2026-02-24 
952 |t P60, <04>, [BOOK], {604}  |a SNK  |b SNK  |y VYP  |7 0  |p 17A0222592  |o snkSC 98934 D2  |i snkK 1290/99  |0 0  |1 0  |4 0  |d 1999-12-20  |l 0  |r 2005-01-02 00:00:00  |w 2026-02-24